[Event "Mitropa Online Cup Women 2021"]
[Site "Hybrid"]
[Date "2021.05.04"]
[Round "3.5"]
[White "Terbe, Zsuzsanna"]
[Black "Hapala, Elisabeth"]
[Result "1-0"]
[WhiteElo "2186"]
[BlackElo "2120"]
[Annotator "RC"]
[PlyCount "87"]
[EventDate "2021.05.04"]
[EventType "team-tourn"]
[EventCountry "NET"]
[SourceTitle "playchess.com"]
[Source "ChessBase"]
[SourceQuality "1"]
[WhiteTeam "Hungary"]
[BlackTeam "Austria"]
[WhiteTeamCountry "HUN"]
[BlackTeamCountry "AUT"]
[TimeControl "40/5400+30:1800+30"]

1. d4 {[%emt 0:00:00]} Nf6 {[%emt 0:00:07]} 2. c4 {[%emt 0:00:11]} e6 {[%emt 0:00:09]} 3. Nc3 {[%emt 0:01:02]} Bb4 {[%emt 0:00:06]} 4. Bd2 {[%emt 0:00:18]} c5 {[%emt 0:07:01]} 5. a3 {[%emt 0:02:57]} Bxc3 {[%emt 0:01:01]} 6. Bxc3 {[%emt 0:01:07]} Ne4 {[%emt 0:05:13]} 7. Qd3 {[%emt 0:02:52]} Nxc3 {[%emt 0:01:15]} 8. Qxc3 {[%emt 0:02:25]} Qf6 {[%emt 0:12:57]} 9. e3 {[%emt 0:09:45]} b6 {[%emt 0:01:30]} 10. Be2 {[%emt 0:10:36]} Bb7 {[%emt 0:02:29]} 11. Nf3 {[%emt 0:02:47]} O-O {[%emt 0:04:01]} 12. O-O {[%emt 0:00:37]} Nc6 {[%emt 0:20:51]} 13. Rfd1 {[%emt 0:10:37]} Rfd8 {[%emt 0:02:11]} 14. b4 {[%emt 0:06:46]} d6 {[%emt 0:03:45]} 15. Rab1 {[%emt 0:03:47]} Rac8 {[%emt 0:02:01]} 16. Qb3 {[%emt 0:06:40]} cxd4 {[%emt 0:08:05]} 17. exd4 {[%emt 0:02:09]} Ne7 {[%emt 0:03:47]} 18. Rbc1 {[%emt 0:13:12]} Ng6 {[%emt 0:03:07]} 19. Ne1 {[%emt 0:04:19]} Nf4 {[%emt 0:04:56]} 20. Bf3 {[%emt 0:01:08]} Rc7 {[%emt 0:07:23]} 21. g3 {[%emt 0:07:40]} Nh3+ {[%emt 0:00:46]} 22. Kg2 {[%emt 0:01:09]} Bxf3+ {[%emt 0:01:19]} 23. Qxf3 {[%emt 0:01:07]} Qh6 {[%emt 0:02:03]} 24. Qg4 {[%emt 0:02:56]} Nxf2 {[%emt 0:02:48]} 25. Kxf2 {[%emt 0:00:07]} Qxh2+ {[%emt 0:00:03]} 26. Ng2 {[%emt 0:01:18]} Qh6 {[%emt 0:00:11]} 27. Kg1 {[%emt 0:02:10]} Rdc8 {[%emt 0:00:42]} 28. Qf3 {[%emt 0:00:29]} Qg5 {[%emt 0:01:39]} 29. Rc2 {[%emt 0:02:44]} h6 {[%emt 0:01:17]} 30. Ne3 {[%emt 0:00:29]} h5 {[%emt 0:01:11]} 31. Kg2 {[%emt 0:00:38]} a5 {[%emt 0:00:36]} 32. Qf4 {[%emt 0:01:04]} Qe7 {[%emt 0:00:40]} 33. Rh1 {[%emt 0:00:16]} g6 {[%emt 0:00:08]} 34. g4 {[%emt 0:00:35]} g5 {[%emt 0:00:35]} 35. Qf3 {[%emt 0:00:27]} h4 {[%emt 0:00:22]} 36. Re1 {[%emt 0:00:34]} Qd8 {[%emt 0:00:26]} 37. Rf1 {[%emt 0:00:37]} Kg7 {[%emt 0:00:17]} 38. d5 {[%emt 0:00:42]} axb4 {[%emt 0:00:11]} 39. axb4 {[%emt 0:00:11]} b5 {[%emt 0:00:19]} 40. dxe6 {[%emt 0:00:00]} fxe6 {[%emt 0:00:00]} 41. Qe4 {[%emt 0:09:06]} Qd7 {[%emt 0:04:22]} 42. Qd4+ {[%emt 0:04:05]} e5 {[%emt 0:00:31]} 43. Qxd6 {[%emt 0:02:16]} h3+ {[%emt 0:07:18]} 44. Kh2 {[%emt 0:02:24]} 1-0

[Event "Mitropa Online Cup Women 2021"]
[Site "Hybrid"]
[Date "2021.05.04"]
[Round "3.5"]
[White "Novkovic, Julia"]
[Black "Terbe, Julianna"]
[Result "0-1"]
[WhiteElo "2170"]
[BlackElo "2267"]
[Annotator "TA"]
[PlyCount "78"]
[EventDate "2021.05.04"]
[EventType "team-tourn"]
[EventCountry "NET"]
[SourceTitle "playchess.com"]
[Source "ChessBase"]
[SourceQuality "1"]
[WhiteTeam "Austria"]
[BlackTeam "Hungary"]
[WhiteTeamCountry "AUT"]
[BlackTeamCountry "HUN"]

{[%evp 26,78,4,0,0,0,26,6,51,45,92,92,85,72,70,16,51,26,18,14,49,56,64,0,0,-19,31,38,25,-77,-74,-188,-189,-191,-191,-184,-183,-181,-183,-234,-241,-313,-320,-311,-313,-416,-410,-458,-463,-449,-460,-457,-446,-1184,-1146]} 1. e4 e5 2. Nf3 Nc6 3. Bb5 a6 4. Ba4 Nf6 5. O-O Be7 6. Re1 b5 7. Bb3 d6 8. c3 O-O 9. d3 Na5 10. Bc2 c5 11. Nbd2 {[%cal Bb1d2,Bd2f1,Bf1e3][%mdl 32]} Nc6 12. Nf1 Re8 13. h3 h6 14. d4 exd4 {C90: Closed Ruy Lopez with 7...d6: Early deviations.} 15. cxd4 {[#]} Nd7 $146 ({Predecessor:} 15... cxd4 16. Nxd4 Nxd4 17. Qxd4 Bb7 18. Ng3 Rc8 19. Qd3 d5 20. e5 Ne4 21. Nf5 Bc5 22. Rxe4 dxe4 {0-1 (52) Medvedyk,V (2145)-Volotovsky,K (2055) Vinnytsia 2018}) 16. Ne3 Nb6 {The position is equal.} 17. d5 Nb4 {[#]} 18. Bb1 $1 {a3 is the strong threat.} a5 19. a3 Na6 20. e5 (20. Qc2 $14 g6 21. Qd2) 20... dxe5 $1 $11 21. Nxe5 Bd6 22. Nc6 {[%mdl 64] Double Attack} Qh4 23. Bd2 Nc7 24. Qf3 (24. Bxa5 $14 Rxa5 25. Nxa5 (25. Qd3 g6 $11)) 24... a4 25. Bf5 {Threatens to win with Bxc8.} (25. Rd1 {keeps more tension.} Qf4 26. Qxf4 Bxf4 27. Ba5 Nbxd5 28. Nxd5 Nxd5 29. Rxd5 Rxa5 30. Bh7+) 25... Qf4 (25... Qf6 $5 {[%cal Re8e3]} 26. Ba5 Ra6 $11) 26. Qxf4 Bxf4 27. Bd3 (27. Bxc8 $11 {keeps the balance.} Raxc8 28. d6 Bxd6 29. Nf5 Rxe1+ 30. Rxe1) 27... Bd7 $17 28. g3 (28. Rad1 $17 {is a better defense.}) 28... Bxe3 $19 ({Much less strong is} 28... Nbxd5 29. Nxd5 Nxd5 30. Ne7+ Nxe7 31. Bxf4 $15) 29. Rxe3 Nbxd5 30. Rxe8+ Rxe8 31. Na5 Bxh3 32. Rc1 (32. Re1 {keeps fighting.} Rxe1+ 33. Bxe1) 32... c4 33. Nxc4 bxc4 34. Rxc4 Bd7 35. Rc2 Ne6 {Strongly threatening ...Nd4.} 36. Bc4 {[#]} Nd4 $1 {Black is clearly winning.} 37. Rc1 Nb6 38. Be3 Nf3+ 39. Kf1 (39. Kg2 $142 Nxc4 40. Rxc4 Ne1+ 41. Kh1) 39... Nxc4 {Weighted Error Value: White=0.53/Black=0.08} 0-1

[Event "Mitropa Online Cup Women 2021"]
[Site "Hybrid"]
[Date "2021.05.04"]
[Round "3.5"]
[White "Froewis, Annika"]
[Black "Gaal, Zsoka"]
[Result "0-1"]
[WhiteElo "2143"]
[BlackElo "2169"]
[Annotator "TA"]
[PlyCount "82"]
[EventDate "2021.05.04"]
[EventType "team-tourn"]
[EventCountry "NET"]
[SourceTitle "playchess.com"]
[Source "ChessBase"]
[SourceQuality "1"]
[WhiteTeam "Austria"]
[BlackTeam "Hungary"]
[WhiteTeamCountry "AUT"]
[BlackTeamCountry "HUN"]

{[%evp 10,82,13,20,18,20,23,-6,0,4,0,-14,-9,-16,23,-20,6,3,31,12,32,10,10,18,22,14,21,12,14,12,15,21,27,6,26,15,31,18,12,11,15,0,16,12,12,8,16,13,13,18,16,0,0,0,0,0,0,-25,-43,-206,-210,-493,-485,-471,-471,-471,-471,-29993,-29994,-29994,-29995,-29995,-29996,-29998,-29999]} 1. e4 c6 2. Nc3 d5 3. Nf3 dxe4 4. Nxe4 Nf6 5. Qe2 Nxe4 6. Qxe4 Qa5 {B11: Caro-Kann: Two Knights Variation.} 7. Bc4 Bf5 8. Qe5 (8. Qe2 {is interesting.} Nd7 9. O-O e6 10. d4 Bd6 11. Nh4) 8... Qxe5+ {The position is equal.} 9. Nxe5 e6 10. Bb3 Bd6 11. d4 {[#]} O-O $146 ({Predecessor:} 11... Nd7 12. Nxd7 Kxd7 13. Be3 Kc7 14. c4 a5 15. a4 Rhd8 16. Ke2 b6 17. f3 c5 {0-1 (55) Matinian,N (2470)-Svane,R (2613) Chess.com INT 2021}) 12. Nc4 Be7 13. Bf4 Rd8 (13... b5 $5 {[%cal Rb5c4]} 14. Ne3 Bg6 $11) 14. O-O-O Na6 15. Ne3 Bg6 16. c3 Rac8 17. h4 h6 18. h5 Bh7 19. Bc2 Bxc2 20. Kxc2 Nc7 21. Rh3 Nd5 22. Nxd5 cxd5 23. g4 b5 24. a3 a5 25. Rg1 f6 26. Re1 Kf7 27. Kd3 Rc6 28. Bd2 b4 29. axb4 axb4 30. f4 Ra8 31. cxb4 Rb6 32. Rhe3 Bxb4 33. Bxb4 Rxb4 $11 {[%mdl 4096] Endgame KRR-KRR} 34. Kc3 {[#] White does not recover from this.} (34. Rxe6 $15 Rxb2 35. Kc3) 34... Rab8 $1 $19 35. Rxe6 $2 (35. Ra1) 35... Rc4+ 36. Kd3 Rb3+ 37. Kd2 Rxb2+ 38. Kd3 {[#]} (38. Kd1 $19 Rb1+ 39. Kd2 Rxd4+ 40. Kc2 Rxe1 41. Rxe1) 38... Rbc2 $1 {[%csl Gc2][%cal Rc4c3] Black mates.} (38... Rb3+ $2 39. Kd2 $19) 39. Re7+ Kg8 {[%csl Gc2][%cal Rc4c3]} 40. Re8+ Kh7 {[%csl Gc2][%cal Rc4c3]} 41. Rc8 Rxc8 {[%csl Gc2][%cal Rc8c3] Weighted Error Value: White=0.43/Black=0.05} 0-1

[Event "Mitropa Online Cup Women 2021"]
[Site "Hybrid"]
[Date "2021.05.04"]
[Round "4.1"]
[White "Lubbe, Melanie"]
[Black "Gaal, Zsoka"]
[Result "0-1"]
[WhiteElo "2274"]
[BlackElo "2169"]
[Annotator "NA"]
[PlyCount "184"]
[EventDate "2021.05.04"]
[EventType "team-tourn"]
[EventCountry "NET"]
[SourceTitle "playchess.com"]
[Source "ChessBase"]
[SourceQuality "1"]
[WhiteTeam "Germany"]
[BlackTeam "Hungary"]
[WhiteTeamCountry "GER"]
[BlackTeamCountry "HUN"]
[TimeControl "40/5400+30:1800+30"]

1. e4 {[%emt 0:00:00]} c6 {[%emt 0:00:06]} 2. Nc3 {[%emt 0:00:15]} d5 {[%emt 0:00:20]} 3. Nf3 {[%emt 0:00:19]} Bg4 {[%emt 0:00:49]} 4. h3 {[%emt 0:00:30]} Bxf3 {[%emt 0:00:47]} 5. Qxf3 {[%emt 0:00:11]} e6 {[%emt 0:00:06]} 6. Be2 {[%emt 0:00:54]} Bc5 {[%emt 0:00:33]} 7. O-O {[%emt 0:00:52]} Nd7 {[%emt 0:00:21]} 8. Rd1 {[%emt 0:06:44]} d4 {[%emt 0:06:00]} 9. Nb1 {[%emt 0:01:37]} Ne5 {[%emt 0:03:32]} 10. Qg3 {[%emt 0:11:18]} d3 {[%emt 0:03:01]} 11. Qxe5 {[%emt 0:09:45]} Bd4 {[%emt 0:00:20]} 12. Qg3 {[%emt 0:00:47]} dxc2 {[%emt 0:00:57]} 13. Rf1 {[%emt 0:02:49]} cxb1=Q {[%emt 0:00:06]} 14. Rxb1 {[%emt 0:00:07]} h5 {[%emt 0:02:38]} 15. b4 {[%emt 0:10:32]} h4 {[%emt 0:02:32]} 16. Qf3 {[%emt 0:08:11]} Nf6 {[%emt 0:04:13]} 17. Bc4 {[%emt 0:08:19]} Qd6 {[%emt 0:11:14]} 18. d3 {[%emt 0:05:32]} Nd7 {[%emt 0:11:07]} 19. Bf4 {[%emt 0:03:14]} Ne5 {[%emt 0:00:52]} 20. Qe2 {[%emt 0:02:16]} O-O-O {[%emt 0:03:37]} 21. Kh1 {[%emt 0:02:18]} Rdg8 {[%emt 0:01:52]} 22. Bh2 {[%emt 0:01:09]} g5 {[%emt 0:01:30]} 23. f3 {[%emt 0:03:05]} Kd7 {[%emt 0:11:52]} 24. Qc2 {[%emt 0:02:46]} Ke7 {[%emt 0:04:30]} 25. b5 {[%emt 0:03:38]} c5 {[%emt 0:01:02]} 26. Bb3 {[%emt 0:01:19]} b6 {[%emt 0:01:52]} 27. a4 {[%emt 0:00:59]} Qd7 {[%emt 0:00:49]} 28. Qd2 {[%emt 0:00:48]} f6 {[%emt 0:04:29]} 29. Rbc1 {[%emt 0:05:30]} Ng6 {[%emt 0:02:55]} 30. Rc2 {[%emt 0:00:07]} Be5 {[%emt 0:01:49]} 31. Bxe5 {[%emt 0:01:41]} Nxe5 {[%emt 0:00:06]} 32. f4 {[%emt 0:03:21]} gxf4 {[%emt 0:02:23]} 33. Qxf4 {[%emt 0:00:07]} Rg6 {[%emt 0:00:21]} 34. Rd2 {[%emt 0:02:03]} Qd4 {[%emt 0:02:14]} 35. Rfd1 {[%emt 0:01:56]} Rhg8 {[%emt 0:06:03]} 36. Bc4 {[%emt 0:01:15]} Rg3 {[%emt 0:05:07]} 37. Rf1 {[%emt 0:00:07]} R8g6 {[%emt 0:01:53]} 38. Rdf2 {[%emt 0:00:05]} Qe3 {[%emt 0:03:03]} 39. Qxe3 {[%emt 0:01:30]} Rxe3 {[%emt 0:00:08]} 40. Rf4 {[%emt 0:00:00]} Nxd3 {[%emt 0:00:00]} 41. Rxh4 {[%emt 0:05:40]} Rg7 {[%emt 0:03:42]} 42. a5 {[%emt 0:10:27]} bxa5 {[%emt 0:05:45]} 43. Ra1 {[%emt 0:08:29]} Re1+ {[%emt 0:03:15]} 44. Rxe1 {[%emt 0:00:06]} Nxe1 {[%emt 0:00:05]} 45. e5 {[%emt 0:03:47]} fxe5 {[%emt 0:03:57]} 46. Rh6 {[%emt 0:01:06]} Kf8 {[%emt 0:02:26]} 47. g4 {[%emt 0:01:32]} a4 {[%emt 0:06:00]} 48. Rxe6 {[%emt 0:00:20]} Re7 {[%emt 0:02:46]} 49. Rf6+ {[%emt 0:00:45]} Kg7 {[%emt 0:00:15]} 50. Rf2 {[%emt 0:01:12]} e4 {[%emt 0:00:32]} 51. Re2 {[%emt 0:01:08]} Nf3 {[%emt 0:00:04]} 52. Kg2 {[%emt 0:00:47]} Nd4 {[%emt 0:01:09]} 53. Re3 {[%emt 0:00:24]} Nc2 {[%emt 0:00:53]} 54. Rc3 {[%emt 0:00:27]} Nb4 {[%emt 0:02:35]} 55. Kf2 {[%emt 0:02:03]} Rd7 {[%emt 0:01:48]} 56. Ra3 {[%emt 0:00:40]} Rd2+ {[%emt 0:02:48]} 57. Be2 {[%emt 0:00:03]} Rd4 {[%emt 0:00:27]} 58. Rc3 {[%emt 0:00:20]} Nd3+ {[%emt 0:02:36]} 59. Ke3 {[%emt 0:00:16]} Kf6 {[%emt 0:00:17]} 60. Rxc5 {[%emt 0:00:54]} Nxc5 {[%emt 0:00:04]} 61. Kxd4 {[%emt 0:00:02]} Nb3+ {[%emt 0:00:34]} 62. Kc3 {[%emt 0:00:18]} Nc1 {[%emt 0:00:03]} 63. Bc4 {[%emt 0:00:28]} a3 {[%emt 0:00:38]} 64. Kd4 {[%emt 0:01:18]} a2 {[%emt 0:00:44]} 65. Bxa2 {[%emt 0:00:03]} Nxa2 {[%emt 0:00:02]} 66. Kxe4 {[%emt 0:00:51]} Nc3+ {[%emt 0:00:22]} 67. Kd4 {[%emt 0:00:18]} Nxb5+ {[%emt 0:00:12]} 68. Kc5 {[%emt 0:00:43]} Nc7 {[%emt 0:00:25]} 69. Kb4 {[%emt 0:01:19]} Ke7 {[%emt 0:01:35]} 70. Ka5 {[%emt 0:00:30]} Kd7 {[%emt 0:00:14]} 71. h4 {[%emt 0:00:32]} Kc8 {[%emt 0:00:14]} 72. g5 {[%emt 0:00:22]} Ne6 {[%emt 0:00:06]} 73. g6 {[%emt 0:00:39]} Ng7 {[%emt 0:00:02]} 74. Ka6 {[%emt 0:00:07]} Kb8 {[%emt 0:00:03]} 75. Ka5 {[%emt 0:00:07]} Kb7 {[%emt 0:00:02]} 76. Kb5 {[%emt 0:00:28]} a6+ {[%emt 0:00:02]} 77. Kc5 {[%emt 0:00:55]} Kc7 {[%emt 0:00:18]} 78. Kb4 {[%emt 0:00:17]} Kb6 {[%emt 0:00:02]} 79. Ka4 {[%emt 0:00:03]} a5 {[%emt 0:00:02]} 80. Ka3 {[%emt 0:00:07]} Kb5 {[%emt 0:00:01]} 81. Kb3 {[%emt 0:00:11]} a4+ {[%emt 0:00:01]} 82. Ka3 {[%emt 0:00:02]} Ka5 {[%emt 0:00:02]} 83. Ka2 {[%emt 0:00:13]} Kb4 {[%emt 0:00:02]} 84. Kb2 {[%emt 0:00:07]} a3+ {[%emt 0:00:01]} 85. Ka2 {[%emt 0:00:02]} Ka4 {[%emt 0:00:01]} 86. h5 {[%emt 0:02:36]} Nxh5 {[%emt 0:00:28]} 87. Kb1 {[%emt 0:01:02]} Kb3 {[%emt 0:01:38]} 88. Ka1 {[%emt 0:00:05]} Ng7 {[%emt 0:00:09]} 89. Kb1 {[%emt 0:00:02]} Nf5 {[%emt 0:00:08]} 90. Ka1 {[%emt 0:00:45]} Nd4 {[%emt 0:00:11]} 91. g7 {[%emt 0:00:06]} Nc2+ {[%emt 0:00:03]} 92. Kb1 {[%emt 0:00:02]} a2+ {[%emt 0:00:01]} 0-1

[Event "Mitropa Online Cup Women 2021"]
[Site "Hybrid"]
[Date "2021.05.04"]
[Round "4.1"]
[White "Schneider, Jana"]
[Black "Terbe, Julianna"]
[Result "1-0"]
[WhiteElo "2272"]
[BlackElo "2267"]
[Annotator "NA"]
[PlyCount "89"]
[EventDate "2021.05.04"]
[EventType "team-tourn"]
[EventCountry "NET"]
[SourceTitle "playchess.com"]
[Source "ChessBase"]
[SourceQuality "1"]
[WhiteTeam "Germany"]
[BlackTeam "Hungary"]
[WhiteTeamCountry "GER"]
[BlackTeamCountry "HUN"]
[TimeControl "40/5400+30:1800+30"]

1. e4 {[%emt 0:00:00]} e5 {[%emt 0:00:07]} 2. Nf3 {[%emt 0:00:14]} Nc6 {[%emt 0:00:05]} 3. Bb5 {[%emt 0:00:08]} a6 {[%emt 0:00:07]} 4. Ba4 {[%emt 0:00:12]} Nf6 {[%emt 0:00:05]} 5. O-O {[%emt 0:00:08]} Be7 {[%emt 0:00:19]} 6. Re1 {[%emt 0:00:09]} b5 {[%emt 0:00:13]} 7. Bb3 {[%emt 0:00:08]} d6 {[%emt 0:00:04]} 8. c3 {[%emt 0:00:07]} O-O {[%emt 0:00:06]} 9. h3 {[%emt 0:00:08]} Nb8 {[%emt 0:05:00]} 10. d4 {[%emt 0:00:30]} Nbd7 {[%emt 0:00:05]} 11. Nbd2 {[%emt 0:00:11]} Bb7 {[%emt 0:00:09]} 12. Bc2 {[%emt 0:00:19]} Re8 {[%emt 0:00:33]} 13. Nf1 {[%emt 0:00:40]} g6 {[%emt 0:05:26]} 14. Ng3 {[%emt 0:05:19]} Bf8 {[%emt 0:01:01]} 15. Bg5 {[%emt 0:02:57]} h6 {[%emt 0:03:13]} 16. Bd2 {[%emt 0:00:15]} Bg7 {[%emt 0:09:13]} 17. a4 {[%emt 0:05:59]} c6 {[%emt 0:01:48]} 18. Qb1 {[%emt 0:10:11]} Qc7 {[%emt 0:04:22]} 19. Qa2 {[%emt 0:10:55]} Re7 {[%emt 0:13:30]} 20. Rad1 {[%emt 0:04:41]} Nb6 {[%emt 0:05:23]} 21. Be3 {[%emt 0:14:20]} Nfd7 {[%emt 0:10:43]} 22. h4 {[%emt 0:02:58]} exd4 {[%emt 0:06:36]} 23. cxd4 {[%emt 0:11:30]} d5 {[%emt 0:00:15]} 24. h5 {[%emt 0:02:07]} Nc4 {[%emt 0:05:29]} 25. hxg6 {[%emt 0:01:31]} fxg6 {[%emt 0:01:48]} 26. e5 {[%emt 0:01:21]} Nf8 {[%emt 0:06:32]} 27. Nh4 {[%emt 0:01:22]} c5 {[%emt 0:04:03]} 28. Bxg6 {[%emt 0:07:00]} cxd4 {[%emt 0:06:28]} 29. Bxd4 {[%emt 0:00:07]} Bxe5 {[%emt 0:01:24]} 30. Ngf5 {[%emt 0:01:03]} Re6 {[%emt 0:00:51]} 31. Nxh6+ {[%emt 0:01:27]} Kg7 {[%emt 0:00:08]} 32. N6f5+ {[%emt 0:01:00]} Kf6 {[%emt 0:00:25]} 33. Bh5 {[%emt 0:04:46]} Bxd4 {[%emt 0:02:31]} 34. Nxd4 {[%emt 0:00:08]} Rxe1+ {[%emt 0:02:28]} 35. Rxe1 {[%emt 0:00:09]} Qh7 {[%emt 0:00:10]} 36. g4 {[%emt 0:01:10]} Qd3 {[%emt 0:01:51]} 37. Nhf3 {[%emt 0:00:27]} Nd2 {[%emt 0:02:36]} 38. g5+ {[%emt 0:00:26]} Kg7 {[%emt 0:00:07]} 39. Re7+ {[%emt 0:00:44]} Kh8 {[%emt 0:00:11]} 40. Qa1 {[%emt 0:00:00]} Rc8 {[%emt 0:00:00]} 41. Rxb7 {[%emt 0:05:47]} Nb1 {[%emt 0:03:31]} 42. b4 {[%emt 0:03:45]} Rc1+ {[%emt 0:05:47]} 43. Kh2 {[%emt 0:00:49]} Qf1 {[%emt 0:02:17]} 44. Ne2+ {[%emt 0:01:08]} Nc3 {[%emt 0:00:06]} 45. Nxc1 {[%emt 0:00:50]} 1-0

[Event "Mitropa Online Cup Women 2021"]
[Site "Hybrid"]
[Date "2021.05.04"]
[Round "4.1"]
[White "Juhasz, Barbara"]
[Black "Muetsch, Annmarie"]
[Result "1/2-1/2"]
[WhiteElo "2211"]
[BlackElo "2266"]
[Annotator "NA"]
[PlyCount "149"]
[EventDate "2021.05.04"]
[EventType "team-tourn"]
[EventCountry "NET"]
[SourceTitle "playchess.com"]
[Source "ChessBase"]
[SourceQuality "1"]
[WhiteTeam "Hungary"]
[BlackTeam "Germany"]
[WhiteTeamCountry "HUN"]
[BlackTeamCountry "GER"]
[TimeControl "40/5400+30:1800+30"]

1. e4 {[%emt 0:00:00]} e6 {[%emt 0:00:17]} 2. d4 {[%emt 0:01:16]} d5 {[%emt 0:00:09]} 3. Bd3 {[%emt 0:00:06]} dxe4 {[%emt 0:00:13]} 4. Bxe4 {[%emt 0:00:06]} Nf6 {[%emt 0:00:12]} 5. Bf3 {[%emt 0:00:08]} c5 {[%emt 0:00:20]} 6. Ne2 {[%emt 0:00:06]} Nc6 {[%emt 0:00:26]} 7. Be3 {[%emt 0:00:05]} Nd5 {[%emt 0:00:27]} 8. Bxd5 {[%emt 0:00:09]} Qxd5 {[%emt 0:00:08]} 9. Nbc3 {[%emt 0:00:07]} Qxg2 {[%emt 0:00:11]} 10. Rg1 {[%emt 0:00:07]} Qxh2 {[%emt 0:00:08]} 11. Bf4 {[%emt 0:00:08]} Qh3 {[%emt 0:00:08]} 12. Nb5 {[%emt 0:00:14]} f6 {[%emt 0:00:26]} 13. Nc7+ {[%emt 0:00:13]} Kf7 {[%emt 0:00:08]} 14. Nxa8 {[%emt 0:00:06]} cxd4 {[%emt 0:00:16]} 15. Nxd4 {[%emt 0:00:08]} Bb4+ {[%emt 0:00:38]} 16. c3 {[%emt 0:00:05]} Bxc3+ {[%emt 0:00:12]} 17. bxc3 {[%emt 0:00:06]} Qxc3+ {[%emt 0:00:08]} 18. Bd2 {[%emt 0:00:10]} Qxd4 {[%emt 0:00:09]} 19. Rc1 {[%emt 0:00:06]} Bd7 {[%emt 0:00:36]} 20. Be3 {[%emt 0:12:43]} Qxd1+ {[%emt 0:32:48]} 21. Rxd1 {[%emt 0:04:23]} Ne5 {[%emt 0:00:24]} 22. f4 {[%emt 0:09:34]} Nf3+ {[%emt 0:01:19]} 23. Kf2 {[%emt 0:00:05]} Bc6 {[%emt 0:00:39]} 24. Rh1 {[%emt 0:05:13]} Rxa8 {[%emt 0:04:24]} 25. Rh3 {[%emt 0:06:02]} e5 {[%emt 0:06:32]} 26. Rxf3 {[%emt 0:03:29]} Bxf3 {[%emt 0:00:09]} 27. Kxf3 {[%emt 0:00:09]} exf4 {[%emt 0:00:12]} 28. Kxf4 {[%emt 0:00:25]} Ke6 {[%emt 0:13:53]} 29. Bc5 {[%emt 0:08:49]} g5+ {[%emt 0:00:16]} 30. Kg4 {[%emt 0:00:34]} Rc8 {[%emt 0:00:23]} 31. Bxa7 {[%emt 0:21:40]} Ra8 {[%emt 0:01:14]} 32. Re1+ {[%emt 0:11:05]} Kf7 {[%emt 0:01:52]} 33. Bc5 {[%emt 0:00:08]} Ra4+ {[%emt 0:00:12]} 34. Kg3 {[%emt 0:00:17]} Rxa2 {[%emt 0:00:24]} 35. Re7+ {[%emt 0:00:51]} Kg6 {[%emt 0:00:07]} 36. Rxb7 {[%emt 0:00:06]} h5 {[%emt 0:12:13]} 37. Bd4 {[%emt 0:08:14]} Ra5 {[%emt 0:07:44]} 38. Rb6 {[%emt 0:03:52]} Rf5 {[%emt 0:00:51]} 39. Rb8 {[%emt 0:04:33]} h4+ {[%emt 0:01:17]} 40. Kg2 {[%emt 0:00:00]} Rf4 {[%emt 0:00:00]} 41. Be3 {[%emt 0:08:57]} Ra4 {[%emt 0:05:38]} 42. Bf2 {[%emt 0:02:32]} Kf5 {[%emt 0:04:28]} 43. Rb6 {[%emt 0:00:56]} Ra2 {[%emt 0:11:17]} 44. Kg1 {[%emt 0:02:03]} Ra4 {[%emt 0:02:20]} 45. Kg2 {[%emt 0:00:14]} Rg4+ {[%emt 0:01:20]} 46. Kh3 {[%emt 0:06:42]} Rf4 {[%emt 0:01:08]} 47. Rb5+ {[%emt 0:03:14]} Kg6 {[%emt 0:00:36]} 48. Kg2 {[%emt 0:00:18]} f5 {[%emt 0:02:14]} 49. Rb8 {[%emt 0:03:42]} Ra4 {[%emt 0:07:25]} 50. Rf8 {[%emt 0:05:06]} Ra5 {[%emt 0:01:17]} 51. Rh8 {[%emt 0:01:40]} Ra2 {[%emt 0:01:53]} 52. Kg1 {[%emt 0:00:10]} Ra4 {[%emt 0:00:33]} 53. Kg2 {[%emt 0:00:06]} Kf6 {[%emt 0:01:26]} 54. Rh6+ {[%emt 0:01:51]} Ke5 {[%emt 0:07:41]} 55. Rh5 {[%emt 0:00:04]} Kf6 {[%emt 0:00:57]} 56. Rh6+ {[%emt 0:00:04]} Kf7 {[%emt 0:00:16]} 57. Rb6 {[%emt 0:00:36]} Re4 {[%emt 0:00:18]} 58. Rh6 {[%emt 0:00:46]} Re6 {[%emt 0:01:10]} 59. Rh8 {[%emt 0:00:24]} Kg7 {[%emt 0:01:42]} 60. Bd4+ {[%emt 0:00:05]} Kg6 {[%emt 0:00:12]} 61. Kh3 {[%emt 0:01:03]} Rd6 {[%emt 0:01:47]} 62. Rg8+ {[%emt 0:00:23]} Kh5 {[%emt 0:00:40]} 63. Rh8+ {[%emt 0:00:31]} Rh6 {[%emt 0:00:27]} 64. Rf8 {[%emt 0:00:16]} f4 {[%emt 0:00:17]} 65. Rg8 {[%emt 0:03:23]} Rd6 {[%emt 0:00:43]} 66. Rh8+ {[%emt 0:00:31]} Kg6 {[%emt 0:00:03]} 67. Bf2 {[%emt 0:00:25]} Kf5 {[%emt 0:01:25]} 68. Rf8+ {[%emt 0:00:24]} Ke6 {[%emt 0:01:30]} 69. Kg4 {[%emt 0:00:08]} Rd2 {[%emt 0:00:04]} 70. Bxh4 {[%emt 0:00:37]} gxh4 {[%emt 0:00:21]} 71. Rxf4 {[%emt 0:00:04]} Ke5 {[%emt 0:00:11]} 72. Rf3 {[%emt 0:00:09]} Rd4+ {[%emt 0:00:16]} 73. Kh5 {[%emt 0:00:07]} Rf4 {[%emt 0:00:12]} 74. Rxf4 {[%emt 0:00:04]} Kxf4 {[%emt 0:00:02]} 75. Kxh4 {[%emt 0:00:02]} 1/2-1/2